[Event "EICC 2019"]
[Site "Skopia"]
[Date "2019.03.24"]
[Round "6.49"]
[White "Salgado Lopez, Ivan"]
[Black "Quparadze, Giga"]
[Result "1/2-1/2"]
[WhiteElo "2622"]
[BlackElo "2501"]
[Annotator "TA"]
[PlyCount "43"]
[EventDate "2019.03.18"]
[EventType "swiss"]
[EventCountry "MKD"]
[SourceTitle "playchess.com"]
[Source "ChessBase"]
[SourceQuality "1"]

{[%evp 9,43,21,31,30,37,36,35,28,33,35,34,32,36,33,56,55,63,43,69,47,88,79,133,133,121,118,116,116,103,93,134,0,0,0,125,0]} 1. d4 Nf6 2. Nf3 e6 3. Bg5 c5 4. c3 cxd4 5. cxd4 Qb6 6. Nc3 {A46: 1 d4 Nf6 2 Nf3 e6: Torre, London and Colle Systems} d5 7. Bxf6 gxf6 8. Qd2 {White is slightly better.} Nc6 9. e3 Bd7 10. Bd3 Rc8 11. O-O Bb4 $146 ({Predecessor:} 11... Be7 12. Rac1 {1-0 (51) Chernyshov,K (2567)-Kabanov,N (2499) Voronezh 2007}) 12. Rac1 Ne7 13. Rfe1 O-O 14. e4 dxe4 15. Rxe4 {Strongly threatening Qh6.} ({Don't play} 15. Bxe4 $6 Ng6 $11) 15... f5 {[#]} (15... Kg7 $142) 16. Qh6 $1 $16 {Intending Ng5! and mate.} f6 17. Rg4+ $1 Ng6 18. Rxg6+ $1 hxg6 19. Qxg6+ Kh8 20. Qh6+ (20. Re1 $16 {Hoping for Re3.} Rc7 21. Qh6+ Kg8 22. d5) 20... Kg8 $11 21. Qg6+ (21. d5 $11 Rf7 22. dxe6 Qxe6 23. Ne2) 21... Kh8 $16 22. Qh6+ {Accuracy: White = 74%, Black = 69%.} (22. Re1 $16 Rc7 23. Qh6+ Kg8 24. d5) 1/2-1/2

[Event "EICC 2019"]
[Site "Skopia"]
[Date "2019.03.24"]
[Round "6.50"]
[White "Radovanovic, Mihajlo"]
[Black "Van Foreest, Jorden"]
[Result "0-1"]
[WhiteElo "2483"]
[BlackElo "2621"]
[Annotator "TA"]
[PlyCount "94"]
[EventDate "2019.03.18"]
[EventType "swiss"]
[EventCountry "MKD"]
[SourceTitle "playchess.com"]
[Source "ChessBase"]
[SourceQuality "1"]

{[%evp 22,94,-18,-27,-29,-35,-51,-46,-50,-60,-26,-35,-16,-66,-60,-84,-86,-99,-99,-129,-97,-172,-166,-176,-176,-187,-187,-193,-168,-199,-84,-96,-90,-96,-96,-95,-87,-75,-82,-82,-81,-79,-73,-95,-95,-95,-86,-123,-123,-115,-119,-107,-87,-93,-74,-117,-94,-177,-187,-173,-170,-175,-179,-211,-215,-170,-194,-472,-464,-546,-570,-909,-904,-957,-947]} 1. Nf3 Nf6 2. g3 c5 3. Bg2 d5 4. O-O e6 5. d3 Nc6 6. Nbd2 Be7 7. e4 O-O 8. Re1 b5 9. e5 Nd7 10. Nf1 Qc7 11. Bf4 Bb7 12. h4 Rfc8 {C00: French: Unusual White 2nd moves} 13. h5 (13. Ne3 Qd8 14. Ng4 Bf8 15. Bg5 Qe8 16. c3 h6 17. Bf4 a5 18. Qd2 b4 19. c4 Ne7 20. h5 {1-0 (59) Kuzubov,Y (2699)-Grischuk,A (2772) Riadh 2017}) 13... h6 14. N1h2 Qd8 {Black is slightly better.} 15. Ng4 a5 16. Qd2 Bf8 {[#]} 17. Rad1 $146 ({Predecessor:} 17. Ngh2 a4 18. g4 Ne7 19. g5 hxg5 20. Bxg5 {1-0 (31) Ghasi,A (2505)-Ferrington,N (2128) Telford 2019}) 17... Rc7 18. Qc1 a4 19. c4 Nd4 20. cxb5 Nxb5 21. a3 (21. Bxh6 $17 {might work better.} gxh6 22. Nxh6+ Bxh6 23. Qxh6) 21... Nd4 $19 22. Nxd4 cxd4 23. Qd2 Ba6 24. Qe2 Rb7 25. Rd2 Kh8 (25... Nc5 $19 {has better winning chances. White must now prevent ...Rab8.} 26. Nh2 Rb3) 26. Nh2 $17 Rb3 27. Nf3 Qb6 28. Rc1 Rb8 {And now ...Nc5 would win.} 29. Rcc2 Nc5 30. Ne1 Be7 31. Bf1 Qa7 {aiming for ...Bd8.} 32. Rd1 Bd8 33. Qd2 Kh7 34. Qc1 {[#]} R3b5 $1 35. Nf3 Nb3 36. Qb1 Be7 $36 {[%mdl 2048] Keeping White busy.} 37. Kg2 Qb6 38. Qa2 Nc5 {[%cal Rb5b2]} (38... Kh8 {with more complications.} 39. g4 Kg8 40. Kg1 Nc5 41. Bd2 Nd7) 39. Nxd4 (39. Rdd2 $17) 39... Rxb2 $19 40. Rxb2 Qxb2 41. Qxb2 Rxb2 42. Nc6 {[#]} Bf8 $1 43. Nb4 Bb5 44. Bc1 $2 (44. Bd2) 44... Rb1 {Black is clearly winning.} 45. Na2 {White wants to play Nc3.} d4 46. Be2 Nb3 47. Bf3 Ra1 {Accuracy: White = 36%, Black = 71%.} 0-1

[Event "EICC 2019"]
[Site "Skopia"]
[Date "2019.03.25"]
[Round "7.1"]
[White "Piorun, Kacper"]
[Black "Rodshtein, Maxim"]
[Result "1/2-1/2"]
[WhiteElo "2631"]
[BlackElo "2673"]
[Annotator "TA"]
[PlyCount "43"]
[EventDate "2019.03.18"]
[EventType "swiss"]
[EventCountry "MKD"]
[SourceTitle "playchess.com"]
[Source "ChessBase"]
[SourceQuality "1"]

{[%evp 18,43,20,18,18,17,16,25,20,20,18,20,19,18,15,18,55,29,83,89,140,126,110,0,0,0,133,0]} 1. e4 c6 2. d4 d5 3. Nc3 dxe4 4. Nxe4 Bf5 5. Ng3 Bg6 6. h4 h6 7. Nf3 e6 8. Ne5 Bh7 9. Bd3 Bxd3 10. Qxd3 Nd7 {B19: Classical Caro-Kann: 4...Bf5 main line} 11. Bf4 Nxe5 12. Bxe5 Qa5+ {White has an edge.} 13. c3 Nf6 14. O-O Ng4 15. Rad1 {[#]} Qd8 $146 ({Predecessor:} 15... Nxe5 16. dxe5 Rd8 17. Qxd8+ Qxd8 18. Rxd8+ Kxd8 {1-0 (67) Sutovsky,E (2633)-Shankland,S (2722) Batumi 2018}) 16. Ne4 Qxh4 17. Bg3 Qh5 (17... Qd8 $1 $11 {remains equal.}) 18. d5 $36 {[%mdl 2048] White has strong initiative.} Qxd5 (18... exd5 $142 19. Rfe1 O-O-O) 19. Qe2 $1 Qf5 {[#]} 20. Qd3 ({White has to play} 20. Qd2 $1 $16 {[%csl Gd1][%cal Rd2d7]} e5 21. Rfe1) 20... Qd5 $11 21. Qe2 ({White should try} 21. Qf3 $11 Qf5 22. Qd3 Qd5) 21... Qf5 $1 $16 {[#]} 22. Qd3 ({Only move:} 22. Qd2 $1 $16 {[%csl Gd1][%cal Rd2d7]} Be7 23. Qd7+ (23. Nd6+ Bxd6 24. Qxd6 Nf6 $16) 23... Kf8 24. Qxb7) 1/2-1/2

[Event "EICC 2019"]
[Site "Skopia"]
[Date "2019.03.25"]
[Round "7.2"]
[White "Gledura, Benjamin"]
[Black "Artemiev, Vladislav"]
[Result "1/2-1/2"]
[WhiteElo "2630"]
[BlackElo "2736"]
[Annotator "TA"]
[PlyCount "102"]
[EventDate "2019.03.18"]
[EventType "swiss"]
[EventCountry "MKD"]
[SourceTitle "playchess.com"]
[Source "ChessBase"]
[SourceQuality "1"]

{[%evp 11,102,22,25,17,26,10,24,30,23,13,37,27,22,31,18,30,18,25,54,39,67,0,-9,-9,-8,-17,-7,-4,-4,0,0,0,0,0,0,0,0,-6,-6,-3,-1,-8,-8,-45,-17,-13,-8,-8,-8,-8,-8,-45,-43,-43,-39,-43,-43,-40,-40,-42,-13,-18,0,-4,-8,-4,0,-20,-20,-20,-24,-24,-29,-35,-28,-39,-18,-14,0,0,0,0,0,0,0,-8,0,0,0,-8,0,0,0]} 1. Nf3 d5 2. d4 Nf6 3. c4 c6 4. e3 Bf5 5. Nc3 e6 6. Nh4 Bg6 7. Be2 {D12: Slav Defence: 3 Nf3 Nf6 4 e3 Bf5} (7. Nxg6 hxg6 8. Rb1 c5 9. cxd5 exd5 10. g3 Nc6 11. Bg2 Qd7 12. O-O Rd8 13. dxc5 Bxc5 14. b3 Qf5 15. Bb2 O-O {½-½ (65) Lenderman,A (2626)-Robson,R (2682) Saint Louis 2018}) 7... Nbd7 8. g3 Bd6 9. O-O {White has an edge.} dxc4 10. Bxc4 Nb6 11. Be2 O-O 12. Nxg6 hxg6 13. a4 a5 $146 ({Predecessor:} 13... e5 14. a5 Nbd5 15. Nxd5 Nxd5 {1-0 (46) Hejazipour,M (2297)-Hakimifard,R (2001) Teheran 2014}) 14. e4 e5 15. Be3 Nbd7 16. Qb3 ({White should play} 16. f4 $1 $14) 16... exd4 $11 17. Bxd4 Bc5 18. Rad1 {[#] And now Bxf6 would win.} Bxd4 19. Rxd4 {aiming for e5.} Nc5 20. Rxd8 Nxb3 21. Rxa8 Rxa8 22. Rd1 {next e5 is good for White.} Nc5 23. e5 Nfd7 24. f4 Nb6 25. b3 f6 26. exf6 gxf6 27. Kf2 Kf7 28. h4 f5 29. h5 Rh8 30. hxg6+ Kxg6 31. Bf3 Rh2+ ({Wrong is} 31... Nxb3 $2 32. Rb1 $18) 32. Bg2 $1 Nbd7 33. g4 fxg4 34. Kg3 Rh8 {Hoping for ...Nf6.} 35. Ne4 Kf5 36. Rd4 Rg8 37. b4 axb4 38. Rxb4 Ke6 39. f5+ Ke5 {Black wants to play ...Ra8.} 40. Nxc5 Nxc5 {[%mdl 4096] Endgame KRB-KRN} 41. Rc4 Nd7 42. Rxg4 Ra8 43. Rc4 Kf6 44. Be4 {The position is equal.} Rg8+ 45. Kf4 Rh8 46. Kg3 Rg8+ 47. Kf4 Rg1 48. Ke3 Ra1 49. Bc2 Ra3+ 50. Kd2 c5 51. Rc3 Rxc3 {Accuracy: White = 60%, Black = 59%.} 1/2-1/2

[Event "EICC 2019"]
[Site "Skopia"]
[Date "2019.03.25"]
[Round "7.3"]
[White "Predke, Alexandr"]
[Black "Grandelius, Nils"]
[Result "0-1"]
[WhiteElo "2611"]
[BlackElo "2694"]
[Annotator "TA"]
[PlyCount "88"]
[EventDate "2019.03.18"]
[EventType "swiss"]
[EventCountry "MKD"]
[SourceTitle "playchess.com"]
[Source "ChessBase"]
[SourceQuality "1"]

{[%evp 15,88,17,30,18,31,35,34,31,41,41,31,18,21,0,0,0,0,0,0,0,0,13,6,16,25,-46,-50,-51,-43,-43,-39,-36,-37,-39,-42,-42,-44,-43,-2,-10,-2,-18,-6,-143,-138,-194,-50,-80,-49,-95,-15,-16,-6,-9,-6,-7,-6,-249,-249,-245,-245,-963,-912,-854,-915,-859,-831,-1144,-1144,-1097,-1072,-997,-975,-1334,-960]} 1. d4 Nf6 2. Nf3 g6 3. g3 d5 4. c4 dxc4 5. Bg2 Bg7 6. Na3 c3 7. bxc3 O-O 8. O-O c5 9. Re1 {D77: Fianchetto Grünfeld: 6 0-0: Replies other than 6...c6} Nc6 10. Bb2 Qb6 (10... Nd5 11. Qc2 cxd4 12. Nxd4 Nf6 13. Nxc6 bxc6 14. c4 Bf5 15. Qc1 Qc7 16. Nc2 Rab8 {1-0 (39) Mamedyarov,S (2809)-Grischuk,A (2767) Berlin 2018}) 11. Nc4 {White is slightly better.} Qb5 12. Qb3 Qa6 $146 ({Predecessor:} 12... Qxb3 13. axb3 Be6 14. Nfd2 cxd4 15. cxd4 Rfd8 16. Bxc6 bxc6 {0-1 (64) Krylov,I (2424)-Grigorjev,I (2314) Lipetsk 2018}) 13. e4 ({Not} 13. dxc5 $2 Be6 $19) 13... Be6 $1 {[%cal Re6c4]} 14. d5 Nxd5 $1 15. exd5 Bxd5 16. Nfd2 $1 Bxg2 $1 17. Kxg2 {And now a4 would win.} b5 $1 {[%cal Rb5c4]} 18. Ne3 Ne5 19. c4 Nxc4 20. Ndxc4 (20. Bxg7 $11 Nxd2 21. Qd1 Qc6+ 22. f3 Qxf3+ 23. Qxf3 Nxf3 24. Kxf3 Kxg7 25. Nf1) 20... bxc4 $15 21. Nxc4 {Hoping for Bxg7.} Rab8 22. Qa3 ({Wrong is} 22. Bxg7 $2 Rxb3 23. Bxf8 Rb4 $19) 22... Qb7+ 23. Kg1 Bxb2 24. Nxb2 Qxb2 25. Qxa7 c4 26. Qxe7 Rfc8 27. a4 c3 {Strongly threatening ...c2.} 28. Qf6 Qb4 {Threatening ...c2.} 29. a5 (29. Qe7 $11) 29... c2 $1 $17 30. Qf4 {[#]} (30. Kg2 $17 {was necessary.}) 30... Rc4 ({Black should play} 30... Qc3 $1 $19 {[%cal Rc3a1]} 31. Qc1 Rc6) 31. Qe3 $1 $15 Qb2 {Threatens to win with ...Qxa1!} 32. Qc1 {[#]} Qc3 ({Better is} 32... Qd4 $1 $17 {aiming for ...Ra4.} 33. Qa3 Rc3) 33. a6 $11 Rbc8 34. Kg2 $1 R4c7 $36 {[%mdl 2048] Black is pushing.} 35. a7 Ra8 36. Qh6 $2 (36. Qf4 $1 $11) 36... Rcxa7 $19 37. Rac1 Qc6+ 38. Kg1 $2 (38. f3) 38... Rd7 {Black is clearly winning.} 39. Qe3 Rad8 40. Qb3 Rd2 41. h4 h5 42. Rf1 Qe4 43. Rfe1 Qd4 44. Qf3 Rd3 {Accuracy: White = 54%, Black = 65%.} 0-1

[Event "EICC 2019"]
[Site "Skopia"]
[Date "2019.03.25"]
[Round "7.4"]
[White "Esipenko, Andrey"]
[Black "Gelfand, Boris"]
[Result "1-0"]
[WhiteElo "2603"]
[BlackElo "2655"]
[Annotator "TA"]
[PlyCount "83"]
[EventDate "2019.03.18"]
[EventType "swiss"]
[EventCountry "MKD"]
[SourceTitle "playchess.com"]
[Source "ChessBase"]
[SourceQuality "1"]

{[%evp 22,83,0,0,17,22,18,8,12,14,39,31,68,64,63,24,26,30,43,35,42,31,89,88,111,103,104,104,165,166,164,154,158,154,148,165,156,157,157,147,364,294,604,600,29966,29967,29969,29970,29969,1102,29969,29971,29964,29967,5189,6115,29981,29983,29984,29985,29989,29990,29990,29991]} 1. e4 c5 2. Nf3 Nc6 3. d4 cxd4 4. Nxd4 Nf6 5. Nc3 e5 6. Ndb5 d6 7. Nd5 Nxd5 8. exd5 Nb8 9. a4 Be7 10. Be2 O-O 11. O-O {B33: Sicilian: Pelikan and Sveshnikov Variations} Nd7 12. Bd2 {LiveBook: 11 Games} (12. b4 a6 13. Na3 a5 14. bxa5 Rxa5 15. Nc4 Ra8 16. Be3 f5 17. a5 f4 18. Bb6 Qe8 {½-½ (54) Caruana,F (2832)-Carlsen,M (2835) London 2018}) 12... a6 13. Na3 {The position is equal.} a5 {[#]} 14. c3 $146 ({Predecessor:} 14. Nc4 b6 15. f4 Ba6 16. Ne3 Bb7 17. Bc3 g6 18. Bb5 Ba6 19. Bxd7 Qxd7 {1-0 (53) Oparin,G (2602)-Gelfand,B (2697) Moscow 2017}) 14... f5 15. f4 Nc5 16. Be3 {[#] Hoping for Bxc5.} exf4 17. Bxc5 $1 ({But not} 17. Rxf4 $6 Bg5 $15) 17... dxc5 18. Rxf4 Bd6 19. Rf3 Qh4 20. Rh3 Qe7 21. Nc4 $36 {[%mdl 2048] White has the initiative.} f4 (21... Qc7 $14) 22. Bg4 $16 Bf5 23. Bxf5 Rxf5 24. Rd3 f3 (24... Rf6 $16) 25. Rxf3 $18 Bxh2+ 26. Kxh2 Qh4+ 27. Kg1 Rxf3 28. Qxf3 Qxc4 $16 {[%mdl 4096] Endgame KQR-KQR} 29. Rf1 {Intending Qf7+ and mate.} h6 30. Qf7+ Kh8 $2 (30... Kh7 $16 {keeps fighting.}) 31. Re1 $18 {aiming for Re8+.} (31. Qxb7 Rd8 $16) 31... Qxa4 $2 (31... Kh7 32. Re7 (32. Qxb7 Rd8 $16) 32... Qg4) 32. d6 Rd8 {[#]} 33. b3 $1 Qg4 34. Re8+ Rxe8 35. Qxe8+ {KQ-KQ} Kh7 36. d7 Qd1+ 37. Kh2 Qd6+ 38. g3 Qd2+ 39. Kh3 {White mates.} Qd5 40. d8=Q Qf5+ 41. Kg2 Qc2+ 42. Kf3 {Precision: White = 85%, Black = 30%.} 1-0

[Event "EICC 2019"]
[Site "Skopia"]
[Date "2019.03.25"]
[Round "7.5"]
[White "Hracek, Zbynek"]
[Black "Zvjaginsev, Vadim"]
[Result "1/2-1/2"]
[WhiteElo "2578"]
[BlackElo "2642"]
[Annotator "TA"]
[PlyCount "43"]
[EventDate "2019.03.18"]
[EventType "swiss"]
[EventCountry "MKD"]
[SourceTitle "playchess.com"]
[Source "ChessBase"]
[SourceQuality "1"]

{[%evp 20,43,36,42,52,45,52,41,60,52,56,64,68,54,47,53,47,18,83,66,66,6,12,0,17,-18]} 1. e4 c5 2. Nf3 Nc6 3. d4 cxd4 4. Nxd4 g6 5. c4 Nf6 6. Nc3 d6 7. Be2 Nxd4 8. Qxd4 Bg7 9. Be3 O-O 10. Qd2 Be6 11. O-O Rc8 {B36: Sicilian: Maroczy Bind: Gurgenidze System} (11... Qa5 12. Rab1 Rfc8 13. b3 Ng4 14. Bd4 Bxd4 15. Qxd4 Nf6 16. Rfe1 Qb4 17. Bf1 a6 18. Nd5 Bxd5 19. exd5 Rc7 20. Re3 b5 21. Rbe1 Raa7 {½-½ (37) Eljanov,P (2700)-Tahbaz,A (2434) Sharjah 2018}) 12. b3 $1 {[%cal Bb2b3,Bb3b4][%mdl 32]} Qa5 13. Rfc1 a6 {White is slightly better.} 14. Rab1 Rfe8 15. f3 h5 $146 ({Predecessor:} 15... Nd7 16. b4 Qc7 17. Na4 Red8 18. Qe1 f5 19. exf5 Bxf5 {1-0 (61) Ruiz Castillo,J (2368)-Ge,A (2123) Costa Mesa 2017}) 16. b4 Qd8 17. Na4 Nd7 18. c5 Rb8 (18... dxc5 $11 {keeps the balance.} 19. bxc5 Qc7) 19. cxd6 exd6 20. Nc3 (20. b5 $14) 20... Nb6 $11 21. Bd4 Rc8 22. Rd1 {Accuracy: White = 48%, Black = 40%.} 1/2-1/2

[Event "EICC 2019"]
[Site "Skopia"]
[Date "2019.03.25"]
[Round "7.6"]
[White "Dubov, Daniil"]
[Black "Pantsulaia, Levan"]
[Result "0-1"]
[WhiteElo "2703"]
[BlackElo "2611"]
[Annotator "TA"]
[PlyCount "114"]
[EventDate "2019.03.18"]
[EventType "swiss"]
[EventCountry "MKD"]
[SourceTitle "playchess.com"]
[Source "ChessBase"]
[SourceQuality "1"]

{[%evp 11,114,18,43,21,37,8,12,7,2,-7,0,-1,0,-2,-13,-6,-12,-23,0,-10,0,-7,0,0,27,0,32,-40,-31,-62,-64,-77,-58,-59,-67,-75,-76,-95,-91,-87,-85,-85,-13,-13,-16,-14,-6,-8,0,-140,-145,-179,-179,-222,-215,-200,-180,-383,-374,-383,-347,-457,-198,-320,-327,-327,-200,-327,-327,-1295,-330,-322,-322,-268,-185,-185,-185,-185,-185,-174,-168,-177,-177,-590,-590,-590,-583,-583,-575,-570,-548,-575,-573,-565,-553,-5405,-3968,-1622,-594,-29974,-29975,-29978,-29979,-29977,-29978]} 1. e4 c6 2. d4 d5 3. e5 Bf5 4. Nf3 e6 5. Be2 Nd7 6. O-O Bg6 7. Nbd2 {B12: Caro-Kann: Advance Variation} (7. c3 Nh6 8. a4 a5 9. Na3 Be7 10. Nc2 O-O 11. Nce1 c5 12. Bxh6 gxh6 13. Bb5 cxd4 14. cxd4 Nb8 15. Qd2 {0-1 (52) Yu,Y (2764)-Artemiev,V (2709) Caleta 2019}) 7... Nh6 8. Re1 Be7 9. Nf1 {The position is equal.} Nf5 10. Bd3 c5 11. c3 $146 ({Predecessor:} 11. dxc5 Ne3 12. Nxe3 Bxc5 13. Nh4 Qxh4 14. Bxg6 hxg6 {½-½ (25) Heinemann,T (2426)-Dautov,R (2616) Erfurt 2004}) 11... cxd4 12. Bxf5 Bxf5 13. Nxd4 Bg6 14. Ng3 Nc5 15. f4 Bh4 16. Rf1 Bxg3 17. hxg3 h5 18. Be3 Ne4 19. Qf3 ({White should play} 19. f5 $1 $14 exf5 20. Nxf5) 19... Qd7 20. c4 dxc4 21. Rad1 Qe7 22. Nb5 {White wants to play Rd4.} O-O 23. Nd6 Nxd6 24. Bc5 {[%mdl 64] Pin} Qc7 25. Bxd6 Qb6+ {[%mdl 64] Double Attack} 26. Kh2 Qxb2 (26... Rfd8 $17 27. Rd2 Rac8) 27. Bxf8 $11 Rxf8 28. Rd7 c3 {Hoping for ...c2.} 29. Rxb7 Qxa2 30. Rc7 (30. Qxc3 $11 {was the only way to keep the balance.} Qa6 31. Qf3) 30... c2 $17 31. Qc3 Qb1 32. Rf2 {[#]} a5 $1 {[%mdl 512]} 33. Rd2 (33. Qxa5 c1=Q) 33... Kh7 $40 {[%mdl 128] White is in trouble.} 34. Rdd7 $2 (34. Qa3 Qb4 35. Qc1) 34... Qf1 $19 35. Rd2 Qd1 36. Rdd7 Qg4 (36... Rd8 $142 37. Rxd8 Qxd8) 37. Qd2 (37. Rd2 $142) 37... h4 38. gxh4 Qxh4+ 39. Kg1 Kg8 40. Qe3 $2 (40. f5 Bxf5 41. Rd4) 40... a4 $2 (40... Rb8 {( -> ...Rb1+)} 41. Rb7 Rxb7 {[%mdl 64] Overworked Piece} 42. Rxb7 Qd8) 41. f5 Bxf5 {Threatens to win with ...Rb8.} 42. Rd4 Qh6 43. Qxh6 gxh6 44. Rxa4 {[%mdl 4096] Endgame KRR-KRB} Rd8 45. Rac4 Rd2 46. Kh2 Re2 47. R4c5 $2 {[#]} (47. Kg3 {is tougher.}) 47... Be4 $1 48. Kg3 Rxg2+ 49. Kf4 Bg6 50. Ke3 h5 51. Rc4 Kg7 52. R7c5 Kh6 53. Kf4 Rg4+ 54. Kf3 Kg5 (54... Rxc4 $142 55. Rxc4 Kg5) 55. Rxg4+ hxg4+ {Black mates.} 56. Kg3 Bd3 57. Rc7 Kf5 {Accuracy: White = 23%, Black = 58%.} 0-1

[Event "EICC 2019"]
[Site "Skopia"]
[Date "2019.03.25"]
[Round "7.7"]
[White "Ter-Sahakyan, Samvel"]
[Black "Kovalev, Vladislav"]
[Result "1-0"]
[WhiteElo "2590"]
[BlackElo "2703"]
[Annotator "TA"]
[PlyCount "71"]
[EventDate "2019.03.18"]
[EventType "swiss"]
[EventCountry "MKD"]
[SourceTitle "playchess.com"]
[Source "ChessBase"]
[SourceQuality "1"]

{[%evp 24,71,41,2,7,0,26,36,66,22,22,17,17,0,20,20,29,39,33,47,104,62,364,358,352,368,483,378,372,356,359,366,484,448,450,431,736,731,737,742,1069,847,1164,1092,5777,4948,29969,29970,6482,6045]} 1. e4 e5 2. Nf3 Nc6 3. Bb5 a6 4. Ba4 Nf6 5. O-O Be7 6. Re1 b5 7. Bb3 d6 8. c3 O-O 9. h3 Nb8 10. d4 Nbd7 11. Nbd2 c5 12. Bc2 {C95: Closed Ruy Lopez: Breyer Variation with 10 d4} Re8 13. b3 {[#] LiveBook: 3 Games} exd4 $146 ({Predecessor:} 13... Bf8 14. Bb2 Qc7 15. dxe5 dxe5 16. c4 Bb7 17. Qe2 b4 18. Nf1 Nb8 19. Ne3 Nc6 {½-½ (31) Almasi,Z (2700)-Efimenko,Z (2647) Germany 2015}) 14. cxd4 {The position is equal.} Bf8 15. a4 Bb7 16. axb5 axb5 17. Rxa8 Bxa8 18. Bb2 g6 19. e5 dxe5 20. dxe5 Nd5 21. Ne4 Qb6 (21... Bc6 $14) 22. Neg5 $36 {[%mdl 2048] Black must now prevent e6! White has some pressure.} Qc6 $2 {[%mdl 8192]} (22... f5 $1 $14) 23. e6 $1 $18 {[%cal Re6f7]} fxe6 {[#]} 24. Nxh7 $1 {[%mdl 512]} Bg7 (24... Kxh7 25. Ng5+) 25. Bxg6 Re7 26. Bxg7 Rxg7 27. Be4 Qd6 28. Nhg5 Nf8 29. h4 Bb7 {[#]} (29... Qe7 $142 30. Qc1 b4) 30. Ne5 $1 {[%cal Bf3e5,Be5g4,Bg4f6,Bf6d5][%mdl 544]} Qe7 (30... Qxe5 31. Bh7+) 31. Qf3 Nb4 32. Ng4 Bxe4 33. Nf6+ Kh8 34. Rxe4 {Qh5+ would kill now.} Rg6 35. Rf4 Nd3 36. Nd5 {Precision: White = 78%, Black = 24%.} 1-0

[Event "EICC 2019"]
[Site "Skopia"]
[Date "2019.03.25"]
[Round "7.8"]
[White "Can, Emre"]
[Black "Korobov, Anton"]
[Result "1/2-1/2"]
[WhiteElo "2586"]
[BlackElo "2686"]
[Annotator "TA"]
[PlyCount "59"]
[EventDate "2019.03.18"]
[EventType "swiss"]
[EventCountry "MKD"]
[SourceTitle "playchess.com"]
[Source "ChessBase"]
[SourceQuality "1"]

{[%evp 12,59,35,31,29,4,37,20,27,25,37,15,60,62,62,70,76,62,66,17,24,24,32,12,32,0,-7,-26,7,15,16,0,0,0,0,0,0,0,0,0,0,0,0,0,0,0,0,0,0,0]} 1. d4 d5 2. c4 c6 3. Nf3 Nf6 4. e3 Bf5 5. Nc3 e6 6. Nh4 Be4 7. f3 Bg6 {D12: Slav Defence: 3 Nf3 Nf6 4 e3 Bf5} 8. Bd2 (8. Qb3 Qb6 9. Nxg6 hxg6 10. Bd2 Nbd7 11. g3 Be7 12. Kf2 g5 13. Kg2 Rd8 14. Qxb6 axb6 15. a4 O-O 16. cxd5 exd5 17. Bd3 g4 {1-0 (54) Ding,L (2812)-Mamedov,R (2701) Astana 2019}) 8... Be7 9. Nxg6 hxg6 10. Qb3 Qc7 11. cxd5 exd5 12. O-O-O Nbd7 13. Kb1 b5 14. Rc1 Qd6 $146 ({Predecessor:} 14... Qb7 15. e4 a6 16. exd5 cxd5 {1-0 (27) Mulyar,M (2430)-Checa,N (2054) Philadelphia 2014}) 15. Be1 Rxh2 16. Rxh2 Qxh2 17. Ne2 Rc8 $1 18. Bg3 {[%mdl 1024] White has compensation.} Qh6 19. Nf4 g5 20. Nd3 {The position is equal.} Nb6 21. Ne5 Nc4 22. Qc3 {[%cal Rf1c4]} Nd7 23. Nxd7 Kxd7 24. Bxc4 bxc4 25. Qa5 Bd6 26. Bxd6 Qxd6 27. Qxa7+ Rc7 28. Qb8 Rc8 29. Qa7+ Rc7 30. Qb8 {Accuracy: White = 52%, Black = 74%.} 1/2-1/2

[Event "EICC 2019"]
[Site "Skopia"]
[Date "2019.03.25"]
[Round "7.9"]
[White "Berkes, Ferenc"]
[Black "Bindrich, Falko"]
[Result "1/2-1/2"]
[WhiteElo "2666"]
[BlackElo "2610"]
[Annotator "TA"]
[PlyCount "94"]
[EventDate "2019.03.18"]
[EventType "swiss"]
[EventCountry "MKD"]
[SourceTitle "playchess.com"]
[Source "ChessBase"]
[SourceQuality "1"]

{[%evp 22,94,39,23,33,28,20,16,36,35,42,14,22,8,18,0,0,0,0,0,10,10,10,10,10,5,7,0,12,11,15,0,0,0,8,-16,7,-53,-33,-27,-45,-62,-37,-43,-14,-21,-14,-14,-14,-14,-14,-15,0,-9,-18,-64,-64,-170,-183,-168,-30,-164,-22,-20,-34,-60,0,0,0,0,0,0,0,0,0]} 1. d4 d5 2. c4 e6 3. Nc3 Nf6 4. cxd5 Nxd5 5. g3 c5 6. Bg2 Nxc3 7. bxc3 Nc6 8. Nf3 cxd4 {D41: Queen's Gambit Declined: Semi-Tarrasch with 5 cxd5} 9. cxd4 (9. Nxd4 Nxd4 10. Qxd4 Qxd4 11. cxd4 Bd6 12. O-O Rb8 13. e4 b6 14. Bb2 O-O 15. e5 Bb4 16. Rfc1 Bb7 17. Rc7 Bxg2 18. Kxg2 Ra8 19. Rac1 Rfe8 {1-0 (48) Bu,X (2695)-Vitiugov,N (2734) Ningbo 2015}) 9... Bb4+ 10. Bd2 Bxd2+ 11. Qxd2 O-O 12. O-O {LiveBook: 5 Games} Bd7 13. Rfc1 $146 ({Predecessor:} 13. Rab1 Rb8 14. Rfc1 h6 15. Qe3 Qa5 16. Ne5 Nxe5 17. Qxe5 Qxe5 18. dxe5 {½-½ (34) Smirnov,P (2558)-Rakhmanov,A (2585) Samara 2011}) 13... Rc8 14. e3 Qa5 15. Qb2 b6 16. a3 Rfd8 17. h4 h6 18. Kh2 Be8 19. Nd2 Ne7 20. Ne4 (20. Kg1 {keeps more tension.} Nd5 21. Bf1 Ne7 22. Bd3 Rxc1+ 23. Rxc1 Bc6 24. e4) 20... Bc6 21. Qb4 Qxb4 22. axb4 Rd7 23. g4 Kf8 24. Ra3 Bd5 25. Rxc8+ Nxc8 26. Rc3 Ne7 27. b5 Ke8 28. h5 Kd8 29. Kg3 (29. Ra3 $11) 29... f5 $1 $15 {[%cal Rf5e4]} 30. gxf5 exf5 31. Nd2 f4+ $1 32. Kh2 fxe3 33. fxe3 Bxg2 34. Kxg2 {[%mdl 4096] Endgame KRN-KRN} Rd5 35. Rb3 $1 Rxh5 36. e4 Ng6 37. Rb1 Nf4+ 38. Kf3 g5 39. Kg4 (39. Ra1 $15) 39... Rh2 $19 40. Nf3 {[#]} Rg2+ $1 41. Kf5 {[#]} Rf2 ({Better is} 41... Ne2 $1 $19 {...Rf2 is the strong threat.} 42. Ne5 Nxd4+ 43. Kf6 Rf2+ 44. Kg6 Ke7) 42. Ne5 $1 $11 Ne2+ 43. Kg6 Rf4 (43... Nc3 $15 44. Rg1 Nxb5 45. Kxh6 Ke7) 44. Nc6+ {The position is equal.} Kc7 45. e5 $1 {Hoping for d5.} Nxd4 46. Nxd4 Rxd4 47. Kf7 Rf4+ {Precision: White = 51%, Black = 49%.} 1/2-1/2